| 000 | 00736nam a2200133 a 4500 | ||
|---|---|---|---|
| 008 | 120416s9999 xx |||||||||||||| || u | ||
| 050 | _aTS 157.5 Sch | ||
| 100 | _aO'Brien, James J | ||
| 245 | 1 | 0 |
_aScheduling handbook _cedited by James J. O'Brien |
| 350 | _a0.00 | ||
| 995 |
_aANNEX COLLECTION (Main Library) _D0.00 _e015959 _FCBU-MAIN LIBRARY (Kitwe) _H3 _I20.00 _jTS 157.5 Sch _UAVAILABLE _y015959 _ZAnnex Low-Usage Collection |
||
| 995 |
_aMAIN LIBRARY OPEN ACCESS _D0.00 _e015960 _FCBU-MAIN LIBRARY (Kitwe) _H2 _I20.00 _jTS 157.5 Sch _UAVAILABLE _y015960 _ZMain Library Open Access Collection |
||
| 995 |
_aANNEX COLLECTION (Main Library) _D0.00 _e015958 _FCBU-MAIN LIBRARY (Kitwe) _H1 _I20.00 _jTS 157.5 Sch _UAVAILABLE _y015958 _ZAnnex Low-Usage Collection |
||
| 999 |
_c80339 _d80339 |
||